Recent trends in occupational mobility by Natalie Rogoff.

Bibliographic Details
Main Author: Ramsøy, Natalie Rogoff, 1924-2002
Format: Book
Language:English
Published: Glencoe, Ill., Free Press [1953]
Glencoe, Ill. : Free Press, [1953]
Subjects:

MARC

Tag First Indicator Second Indicator Subfields
LEADER 00000cam a2200000 4500
001 in00000083518
005 20151008053110.0
008 791119s1953 ilua b 000 0 eng
010 |a  54007390  
019 |a 1275562  |a 493098657  |a 1064022373  |a 1078800275 
029 1 |a AU@  |b 000050975552 
035 |a (OCoLC)5940019 
040 |a DLC  |b eng  |c DLC  |d BTCTA  |d OCLCG  |d BUF  |d ZWZ  |d OCLCO  |d OCLCA  |d OCLCF  |d OCLCQ  |d OCLCO  |d OCLCQ  |d EUQ  |d OCLCQ  |d CDN  |d OCLCO 
043 |a n-us-in 
049 |a TXAM 
050 0 |a HD5711  |b .R6 
050 0 0 |a HD5725.I6  |b R35 1953 
082 0 |a 331.112 
082 0 0 |a 301.44/42 
092 |a 331.112  |b R735r 
100 1 |a Ramsøy, Natalie Rogoff,  |d 1924-2002. 
245 1 0 |a Recent trends in occupational mobility by Natalie Rogoff.  |c With a foreword by Herbert Goldhamer. 
260 |a Glencoe, Ill.,  |b Free Press  |c [1953] 
264 1 |a Glencoe, Ill. :  |b Free Press,  |c [1953] 
264 4 |c [©1953] 
300 |a 131 pages  |b tables (2 in pockets)  |c 22 cm 
336 |a text  |b txt  |2 rdacontent 
337 |a unmediated  |b n  |2 rdamedia 
338 |a volume  |b nc  |2 rdacarrier 
504 |a Includes bibliographical references (pages 130-131). 
505 0 |a The setting of the problem. -- The measurement of mobility. -- Characteristics of the sample. -- Trends in mobility rates. -- The influence of racial origins, of nativity, and the relation of age to mobility. 
530 |a Also issued online. 
650 0 |a Occupational mobility  |z Indiana  |z Marion County. 
651 7 |a Indiana  |z Marion County.  |2 fast  |0 (OCoLC)fst01213920 
776 0 8 |i Online version:  |a Ramsøy, Natalie Rogoff, 1924-  |t Recent trends in occupational mobility by Natalie Rogoff.  |d Glencoe, Ill., Free Press [1953]  |w (OCoLC)573634665 
938 |a Baker and Taylor  |b BTCP  |n 54007390 //r933 
999 |a MARS 
999 f f |s 870de586-ab35-3fa5-b943-0ff98495c35f  |i 567982f7-10ba-3393-bcae-5bd2d217a6c1  |t 0 
952 f f |p ric  |a Texas A&M University  |b Rellis Campus  |c Joint Library Facility  |s JLF  |d Remote Storage  |t 0  |e HD5711 .R6  |h Library of Congress classification  |i unmediated -- volume  |m A14800714698